K diskompatibilite diskurzu v západnej civilizácii
Existujú významné rozdiely v prístupe k riešeniu konfliktov a bezpečnostných problémov vo svete medzi USA a Európou. Európa považuje vojnu za zlyhanie politických riešení a odmieta vytváranie identity na základe obrazu nepriateľa a vojny. Prezident USA G. Bush často deklaruje, že poslaním USA je vie...
Salvato in:
| Autore principale: | |
|---|---|
| Natura: | Capitolo di libro |
| Lingua: | slovacco |
| Soggetti: | |
| Tags: |
Nessun Tag, puoi essere il primo ad aggiungerne!!
|
MARC
| LEADER | 00000naa$a2200000$$$4500 | ||
|---|---|---|---|
| 001 | 0038241 | ||
| 005 | 20240502071458.7 | ||
| 041 | 0 | |a slo | |
| 044 | |a SK | ||
| 245 | 1 | 0 | |a K diskompatibilite diskurzu v západnej civilizácii |c Milan Márton |
| 520 | |a Existujú významné rozdiely v prístupe k riešeniu konfliktov a bezpečnostných problémov vo svete medzi USA a Európou. Európa považuje vojnu za zlyhanie politických riešení a odmieta vytváranie identity na základe obrazu nepriateľa a vojny. Prezident USA G. Bush často deklaruje, že poslaním USA je viesť iné národy. Riziko prístupu Európy, na druhej strane nie je možné násilím exportovať hodnoty do iných kultúr. | ||
| 610 | 2 | 0 | |a vzťahy medzinárodné |
| 610 | 2 | 0 | |a bezpečnosť |
| 610 | 2 | 0 | |a spolužitie mierové |
| 610 | 2 | 0 | |a vojny |
| 610 | 2 | 0 | |a Európa |
| 610 | 2 | 0 | |a USA |
| 100 | 1 | |a Márton, Milan | |